| 000 | 00522nam a2200181Ia 4500 | ||
|---|---|---|---|
| 003 | OSt | ||
| 005 | 20220622150535.0 | ||
| 008 | 220614s9999||||xx |||||||||||||| ||und|| | ||
| 020 | _a9781786301819 | ||
| 040 | _c | ||
| 100 | _aMuret | ||
| 245 | 0 | _aFundamentals of Electronics 1: Electronic Components and Elementary Functions | |
| 250 | _a1st Edition | ||
| 260 | _bWiley | ||
| 650 | _aElectrical & Electronics Engineering | ||
| 856 | _uhttps://onlinelibrary.wiley.com/doi/book/10.1002/9781119422051 | ||
| 942 |
_cEB _2ddc |
||
| 999 |
_c7393 _d7393 |
||